Statystyki dla Wiedza ogólna (dla geomexa) MEGA TRUNDY

Kliknij tutaj aby rozwiązać quiz!

Ogólne statystyki

  • Ten quiz został rozwiązany 140 razy
  • Średni wynik to 6 z 15

Statystyki odpowiedzi

PytanieOdpowiedź% Poprawnych
Z jakiego kraju pochodzą klocki legoDania
85%
Stolica MalezjiKuala Lumpur
74%
Graniczy tylko z jednym państwem w AfryceGambia/Lesotho
71%
Leży na kaukazieArmenia/Azerbejdżan/Gruzja
70%
Gdzie jest położony Salto AngelWenezuela
48%
W tym kraju jest 908 miastPolska
38%
Najbiedniejszy krajBurundi
33%
Stolica GujanyGeorgetown
31%
Stolica Trynidadu i TobagoPort Of Spain
30%
Kraj na Karaibach który ma 2 nagrody NoblaSaint Lucia
25%
Mówi się tam językiem DzongkhaBhutan
23%
Kraj który ma domene .vcSaint Vincent i Grenadyny
19%
Kraj ten jest 54 razy mniejszy od PolskiBrunei
14%
W kraju tym nie ma rzek ani jeziorMalediwy
11%
27 Najmniejsze państwo na świecieMauritius
9%

Rozkład punktacji

Percentyl według liczby udzielonych odpowiedzi

Procent ludzi z każdym wynikiem

Twoja historia wyników

Nie rozwiązałeś tego quizu